000
00310nam a2200121Ia 4500
008
190216s9999||||xx |||||||||||||| ||und||
100
_a
Robert N Anthony
245
0
_a
Accounting Text And Cases
260
_b
Tata Mcgraw-Hill Education Private Limited
_c
2010
300
_a
931
650
_a
Commerce
942
_c
BK
999
_c
7709
_d
7709